BAŞARI OKULU (Record no. 752371)

MARC details
000 -LEADER
sabit uzunluktaki kontrol alanı 00239nam a2200097Ia 4500
001 - KONTROL NUMARASI
kontrol alanı 752371
005 - EN SON İŞLEMİN TARİH VE ZAMANI
kontrol alanı 20250826164702.0
008 - SABİT-UZUNLUKTA VERİ ÖĞELERİ--GENEL BİLGİ
sabit uzunluktaki kontrol alanı 250824s9999 xx 000 0 und d
245 #0 - ESER / YAZAR
ESER ADI BAŞARI OKULU
Yazar Adı ÖZGÜR GEZ
260 ## - YAYIN, DAĞITIM, VB.
YAYIN EVİ ATLIKARINCA YAYINLARI
Holdings
Düşüm durumu Kayıp durumu Hasar Durumu Ödünç verilmez Ana kütüphane Geçerli Kütüphane Edinilen tarih Toplam ödünç verme sayısı Barkod Son görüntüleme tarihi Son ödünç verme tarihi Fiyatın geçerli olmaya başladığı tarih Koha materyal türü
        NENE HATUN İMAM HATİP ORTAOKULU NENE HATUN İMAM HATİP ORTAOKULU 24.08.2025 1 1025420 30.03.2026 04.03.2026 26.08.2025 Books